Spracovanie prirodzeného jazyka neurónovými sieťami

Guardado en:
Detalles Bibliográficos
Autor principal: Sádecký, Šimon (Autor)
Otros Autores: Lacko, Peter (Orientador)
Formato: Manuscrito Libro
Lenguaje:eslovaco
Publicado: 2020
Materias:
Acceso en línea:http://is.stuba.sk/zp/portal_zp.pl?podrobnosti=134958
Etiquetas: Agregar Etiqueta
Sin Etiquetas, Sea el primero en etiquetar este registro!

MARC

LEADER 00000ntm a22000003a 4500
001 stuzp80618
003 SK-STU
005 20200620212010.1
007 ta
008 150427s2015----xo-----f-mn---000-0-slo-d
040 |a STU  |b slo 
041 0 |a slo 
100 1 |a Sádecký, Šimon  |u 070200  |4 aut  |U FIIT Fakulta informatiky a informačných technológií  |T FIIT Ústav informatiky, informačných systémov a softvérového inžinierstva  |X 86005  |U I200  |Y 179  |7 86005 
242 0 1 |a Natural language processing using neural networks  |y eng 
245 1 0 |a Spracovanie prirodzeného jazyka neurónovými sieťami 
260 |c 2020 
650 4 |a Spracovanie prirodzeného jazyka  |2 slo 
650 4 |a Klasifikácia nenávistných prejavov  |2 slo 
650 4 |a Hlboké umelé neurónové siete  |2 slo 
650 4 |a NLP  |2 eng 
650 4 |a Hate Speech classification  |2 eng 
650 4 |a deep neural networks  |2 eng 
700 1 |a Lacko, Peter  |u 070200  |k Z1  |4 ths  |U FIIT Fakulta informatiky a informačných technológií  |T FIIT Ústav informatiky, informačných systémov a softvérového inžinierstva  |X 1780  |U I200  |Y 179  |7 1780 
856 4 |u http://is.stuba.sk/zp/portal_zp.pl?podrobnosti=134958